Normal view
MARC view
- Muhammad Waqas, Saad Hassan
Entry Personal Name
001 - CONTROL NUMBER
- control field: 92362
003 - CONTROL NUMBER IDENTIFIER
- control field: NUST
005 - DATE AND TIME OF LATEST TRANSACTION
- control field: 20220703105256.0
008 - FIXED-LENGTH DATA ELEMENTS
- fixed length control field: 220703|| aca||aabn | a|a d
040 ## - CATALOGING SOURCE
- Original cataloging agency: NUST
- Transcribing agency: NUST
100 ## - HEADING--PERSONAL NAME
- Personal name: Muhammad Waqas, Saad Hassan
670 ## - SOURCE DATA FOUND
- Source citation: Work cat.: (NUST)10576: Muhammad Waqas, Saad Hassan, Design, simulation & development of X-band microstrip planer/linear phased array antenna [Project Report BEE-4], 2011.
